K finančnej analýze bonity klienta
Finančná analýza klienta banky ako neodmysliteľná súčasť úverového procesu. Postup pri finančnej analýze. Pomerové ukazovatele. Ukazovatele likvidity. Meranie likvidity. Pojem solventnosť. Ukazovatele aktivity. Zadlženosť. Ukazovatele rentability.
Enregistré dans:
| Auteur principal: | |
|---|---|
| Format: | Chapitre de livre |
| Langue: | slovaque |
| Sujets: | |
| Tags: |
Pas de tags, Soyez le premier à ajouter un tag!
|
MARC
| LEADER | 00000nla$a2200000$$$4500 | ||
|---|---|---|---|
| 001 | 0044992 | ||
| 005 | 20240502071524.7 | ||
| 041 | 0 | |a slo | |
| 044 | |a SK | ||
| 245 | 1 | 0 | |a K finančnej analýze bonity klienta |c Ctibor Pilch |
| 520 | |a Finančná analýza klienta banky ako neodmysliteľná súčasť úverového procesu. Postup pri finančnej analýze. Pomerové ukazovatele. Ukazovatele likvidity. Meranie likvidity. Pojem solventnosť. Ukazovatele aktivity. Zadlženosť. Ukazovatele rentability. | ||
| 610 | 2 | 0 | |a úver bankový |
| 610 | 2 | 0 | |a analýza finančná |
| 610 | 2 | 0 | |a klienti |
| 610 | 2 | 0 | |a ukazovatele finančné |
| 610 | 2 | 0 | |a bankovníctvo |
| 610 | 2 | 0 | |a solventnosť |
| 610 | 2 | 0 | |a zadlženosť |
| 100 | 1 | |a Pilch, Ctibor, 1957- | |